|
|
|
|
| LEADER |
00000nam0a2200000 4500 |
| 001 |
317355 |
| 005 |
20231102002951.0 |
| 035 |
|
|
|a (RuTPU)RU\TPU\book\342823
|
| 090 |
|
|
|a 317355
|
| 100 |
|
|
|a 20160407d1902 m y0rusy50 ca
|
| 101 |
0 |
|
|a rus
|
| 102 |
|
|
|a RU
|
| 105 |
|
|
|a y j 000zy
|
| 200 |
1 |
|
|a Гидравлика
|e лекции, читанные на 3 курсе механического отделения училища в 1902-1903 академическом году
|e с отдельным атласом чертежей
|f А. И. Астров
|
| 210 |
|
|
|a Москва
|c Типо-литография Венер
|d 1902
|
| 215 |
|
|
|a 470 с.
|
| 300 |
|
|
|a Текст в русской дореформенной орфографии
|
| 421 |
|
1 |
|0 (RuTPU)RU\TPU\book\342824
|t Гидравлика
|o атлас
|f А. И. Астров
|c Москва
|n Типо-литография Венер
|d 1902
|p 15 таблиц
|a Астров, А. И.
|
| 606 |
1 |
|
|a Гидравлика
|2 stltpush
|3 (RuTPU)RU\TPU\subj\6462
|9 34344
|
| 610 |
1 |
|
|a лекции
|
| 610 |
1 |
|
|a учебные пособия
|
| 610 |
1 |
|
|a жидкости
|
| 610 |
1 |
|
|a истечение
|
| 610 |
1 |
|
|a отверстия
|
| 610 |
1 |
|
|a вода
|
| 610 |
1 |
|
|a движение в трубах
|
| 610 |
1 |
|
|a движение в каналах
|
| 675 |
|
|
|a 532(075.8)
|v 3
|
| 700 |
|
1 |
|a Астров
|b А. И.
|
| 801 |
|
1 |
|a RU
|b 63413507
|c 20160407
|
| 801 |
|
2 |
|a RU
|b 63413507
|c 20200925
|g RCR
|
| 942 |
|
|
|c BK
|